Technical Mathematics (Record no. 1007)

MARC details
005 - DATE AND TIME OF LATEST TRANSACTION
control field 20250319142700.0
020 ## - INTERNATIONAL STANDARD BOOK NUMBER
International Standard Book Number 0-8273-2212-7
082 ## - DEWEY DECIMAL CLASSIFICATION NUMBER
Classification number 512.1 LEW
100 ## - MAIN ENTRY--PERSONAL NAME
Author name LEWIS,H.
245 ## - TITLE STATEMENT
Title Technical Mathematics
260 ## - PUBLICATION, DISTRIBUTION, ETC.
Place of publication, distribution, etc. Canada
Name of publisher, distributor, etc. Delmar Publishers INC.
Date of publication, distribution, etc. 1986
300 ## - PHYSICAL DESCRIPTION
Extent ix, 868p. ill.
Other physical details Index
Dimensions 24cm.
942 ## - ADDED ENTRY ELEMENTS (KOHA)
Source of classification or shelving scheme Dewey Decimal Classification
Koha item type Books
Holdings
Date last seen Total checkouts Full call number Barcode Price effective from Koha item type Lost status Source of classification or shelving scheme Damaged status Not for loan Withdrawn status Home library Current library Shelving location Date acquired Cost, normal purchase price
03/19/2025   512.1 LEW, L.M. 000001551 03/19/2025 Books   Dewey Decimal Classification       College of Business Education Main Library College of Business Education Main Library General Collection 03/19/2025 25000.00
03/19/2025   512.1 LEW, L.M. 000001552 03/19/2025 Books   Dewey Decimal Classification       College of Business Education Main Library College of Business Education Main Library General Collection 03/19/2025 25000.00
03/19/2025   512.1 LEW, L.M. 000001553 03/19/2025 Books   Dewey Decimal Classification       College of Business Education Main Library College of Business Education Main Library General Collection 03/19/2025 25000.00
03/19/2025   512.1 LEW, L.M. 000001554 03/19/2025 Books   Dewey Decimal Classification       College of Business Education Main Library College of Business Education Main Library General Collection 03/19/2025 25000.00
03/19/2025   512.1 LEW, L.M. 000001555 03/19/2025 Books   Dewey Decimal Classification       College of Business Education Main Library College of Business Education Main Library General Collection 03/19/2025 25000.00
03/19/2025   512.1 LEW, L.M. 000001556 03/19/2025 Books   Dewey Decimal Classification       College of Business Education Main Library College of Business Education Main Library General Collection 03/19/2025 25000.00